000
00257nam a22001097a 4500
999
_c
260527
_d
260526
020
_a
9780679890706
100
_a
Mary Pope Osborne
245
_a
28 High Tide in Hawaii
260
_a
New York
_b
Random House
_c
2001
490
_a
Magic Tree House
942
_c
BK